| 000 | 00647nam a2200217Ia 4500 | ||
|---|---|---|---|
| 008 | 131103s9999 xx 000 0 und d | ||
| 020 | _a0-679-74115-1 | ||
| 040 | _aLoreto College | ||
| 041 | _aEnglish | ||
| 082 |
_a808.81/MAC _bLCLIB/42297 |
||
| 245 | 4 |
_aThe vintage book of contemporary world poetry _cedited and an introduction by J.D. McClatchy |
|
| 250 | _aNew York | ||
| 260 |
_aVintage Books _b1996 _cxxviii,654 p. |
||
| 300 | _a 20 cm. | ||
| 504 | _aIncludes bibliographical references | ||
| 650 | _aEnglish Literature - | ||
| 651 | _aPoetry - | ||
| 700 | _aMcClatchy, J. D., ed. | ||
| 850 | _aLCLIB/808.81/MAC | ||
| 942 | _cBK | ||
| 999 |
_c1768 _d52247 |
||